00461nam a2200157Ia 4500008004100000020001800041041000800059082001100067100001400078245003000092250001100122260002900133650001500162999002100177952010500198260624s2011 xx 000 0 und d a9781437713978 aeng a618.92 aRichard B aPediatric Clinical Skills a4th ed bElsevier, Pub.2011c2011 aPediatrics c1223018d1223018 00104070aMCPbMCPd2025-07-03g5234.90l0o618.92pMCP-22431r2026-06-25 00:00:00w2026-06-25yBK